| 000 | 00508nam a2200181Ia 4500 | ||
|---|---|---|---|
| 001 | 60016 | ||
| 008 | 160702n ii |||gr||||Z||||||hin | ||
| 020 | _a978-81-906789-1-9 | ||
| 041 | _ahin | ||
| 082 | _a891.43309 | ||
| 100 |
_aRathor, _eArunandrasingh. |
||
| 245 | 0 |
_aSattattar Hindi Laghu Upanayaso Mein yugchetona _cArunandrasingh Rathor _hTextual Documents |
|
| 260 |
_aKanpur: _bGagritee Prakashan. |
||
| 300 |
_a271p: _c23cm. |
||
| 653 | _aHindi Literature | ||
| 653 | _aG - Hindi | ||
| 942 |
_2ddc _cBK |
||
| 999 |
_c59890 _d59890 |
||